Top 50 Countries with the lowest crime rate - Statistics

General Stats
  • This quiz has been taken 171 times
  • The average score is 37 of 50
Answer Stats
Continent Country GPI (Global Peace Index) % Correct
Europe Norway 1.47
95%
Europe Finland 1.44
94%
Europe Iceland 1.11
94%
North America Canada 1.39
93%
Europe Ireland 1.29
93%
Europe Switzerland 1.36
93%
Europe UK 1.67
93%
Oceania Australia 1.57
92%
Europe Denmark 1.30
92%
Oceania New Zealand 1.27
92%
Europe Sweden 1.56
92%
Europe Austria 1.30
91%
Europe Germany 1.46
91%
Europe Poland 1.55
91%
Asia Japan 1.34
90%
Europe Slovenia 1.32
90%
Europe Spain 1.60
90%
Europe Belgium 1.53
89%
Europe Netherlands 1.52
89%
Asia South Korea 1.78
89%
Europe Estonia 1.66
88%
Europe Czechia 1.32
87%
Europe Portugal 1.30
87%
Europe Italy 1.64
86%
Europe Latvia 1.67
86%
Europe Slovakia 1.50
86%
Europe Lithuania 1.72
84%
Asia Singapore 1.33
84%
Europe Croatia 1.44
83%
Europe Hungary 1.41
80%
Europe Romania 1.64
77%
Europe Bulgaria 1.54
75%
Asia Taiwan 1.62
74%
Asia Qatar 1.53
68%
Europe Montenegro 1.80
67%
South America Uruguay 1.80
65%
Asia Malaysia 1.47
64%
Europe Albania 1.76
62%
Asia Kuwait 1.74
55%
Asia Bhutan 1.48
52%
North America Costa Rica 1.73
52%
Asia Indonesia 1.80
49%
Europe Macedonia 1.70
48%
Asia Mongolia 1.78
48%
Africa Mauritius 1.57
45%
Asia Vietnam 1.79
43%
Africa Botswana 1.80
36%
Africa Ghana 1.76
24%
Africa Gambia 1.79
15%
Africa Sierra Leone 1.80
11%
No matching quizzes found
Score Distribution
Percent of People with Each Score
Percentile by Number Answered
Your Score History
You have not taken this quiz